000 00499nam a2200169 a 4500
003 DO-SdBNP
005 20230214091341.0
007 ta
008 190221s2001 000 spa d
040 _aDO-SdBNP
_cBNPHU
_bspa
082 4 _222
245 0 0 _aLey de propiedad industrial :
_bno. 20-00 del 18 de abril del 2000 G.O. #10044
260 _aSanto Domingo :
_bEdiciones Jurídicas Trajano Potentini,
_c2001.
300 _a95 p. ;
_c21 cm.
590 _aInventariado, 2023/BT
942 _2ddc
_cLBS1
999 _c47886
_d47886